Кн. 1; Костры амбиций

Bibliographic Details
Parent link:Костры амбиций: роман/ Т. Вулф; Пер. И. Бернштейн. Кн. 1.— , 2001
Language:Russian
Published: 2001
Subjects:
Format: Book
KOHA link:https://koha.lib.tpu.ru/cgi-bin/koha/opac-detail.pl?biblionumber=45602

MARC

LEADER 00000nam2a2200000 4500
001 45602
005 20231031023944.0
010 |a 5941450087 
010 |a 5-93381-032-0 
035 |a (RuTPU)RU\TPU\book\47505 
090 |a 45602 
100 |a 20021215d2001 m y0rusy50 ca 
101 1 |a rus 
102 |a RU 
105 |a y z 000ay 
200 0 |a Кн. 1 
210 |d 2001 
215 |a 608 с. 
461 1 |0 (RuTPU)RU\TPU\book\47907  |t Костры амбиций  |o роман  |o пер. с англ.  |f Т. Вулф  |g Пер. И. Бернштейн  |v Кн. 1  |d 2001  |s Библиотека журнала "Иностранная литература" 
610 1 |a романы 
610 1 |a современный Нью-Йорк 
675 |a 82  |v 3 
801 1 |a RU  |b 63413507  |c 20021215  |g PSBO 
801 2 |a RU  |b 63413507  |c 20070117  |g PSBO 
942 |c BK 
959 |a 84/20060919  |d 1  |e 28,00  |f ХФ:1